000 05214cam a22013214i 4500
003 PE-LiUPU
005 20250813185353.0
008 170608s2017 mx a ri 001 0 spa d
020 _a6075262156
020 _a9786075262154
035 _a(Sirsi) a204324
040 _aPE-LiUPU
_bspa
_cPE-LiUPU
_erda
049 _aPRUA
082 0 4 _a330
_bM26 2017
082 0 4 _a330
_bM22 2017
100 1 _aMankiw, N. Gregory,
_eautor.
245 1 0 _aPrincipios de economía /
_cN. Gregory Mankinw.
250 _aSéptima edición.
264 1 _aMéxico :
_bCengage Learning,
_c2017.
300 _axxxii, 847 páginas :
_bilustraciones ;
_c27 centimetros.
336 _atext
_2rdacontent
337 _aunmediated
_2rdamedia
338 _avolume
_2rdacarrier
504 _aÍndices: páginas 825-847.
505 0 _aLos diez principio de la economía -- Pensar como economista -- Interdependencia y ganancia del comercio -- Las fuerzas del mercado de la oferta y la demanda -- Elasticidad y sus aplicaciones -- Oferta, demanda y políticas gubernamentales -- Consumidores, productores, eficiencia de los mercados -- Aplicación: los costos de los impuestos -- Aplicación: comercio internacional - Externalidades -- Bienes públicos y recursos comunes -- Diseño de I sistema impositivo -- Los costos de producción -- Las empresas en mercados competitivos - Monopolio -- Competencia monopolística - Oligopolio -- Mercados de factores de la producción -- Ingresos y discriminación -- Desigualdad en el ingreso y pobreza -- Teoría de la elección del consumidor -- Las fronteras de la microeconomía -- Medición del ingreso de una nación -- Medición del costo de vida -- Producción y crecimiento -- Ahorro, inversión y sistema financiero -- Herramientas básicas de las finanzas - Desempleo -- El sistema monetario -- Crecimiento del dinero e inflación -- Macroeconomía de una economía abierta conceptos básicos -- Una teoría macroeconómica de la economía Abierta -- Demanda agregada y oferta agregada -- Como influyen las políticas monetarias y fiscal en la demanda agregada -- Disyuntiva a corto plazo entre inflación y desempleo -- Seis debates sobre política macroeconómica.
526 _aP202
526 _aP201
526 _aP163
526 _aP162
526 _aP161
526 _aP160
526 _aP148
526 _aP147
526 _aP146
526 _aP145
526 _aP144
526 _aP143
526 _aP142
526 _aP141
526 _aP140
526 _aP139
526 _aP138
526 _aP137
526 _aP136
526 _aP135
526 _aP134
526 _aP133
526 _aP129
526 _aP128
526 _aP127
526 _aP120
526 _aP119
526 _aP118
526 _aP116
526 _aP115
526 _aP114
526 _aP110
526 _aP109
526 _aP108
526 _aP104
526 _aP103
526 _aP102
526 _aP99
526 _aP98
526 _aP97
526 _aP96
526 _aP95
526 _aP93
526 _aP90
526 _aP89
526 _aP88
526 _aP83
526 _aP82
526 _aP62
526 _aP59
526 _aP58
526 _aP57
526 _aP51
526 _aP49
526 _aP48
526 _aP47
526 _aP29
526 _aP24
526 _aP20
526 _aP19
526 _aP17
526 _aP15
526 _aP14
526 _aP12
526 _aP10
526 _aP09
526 _aP08
526 _aP07
526 _aP06
526 _aP05
526 _aP04
526 _aP01
541 _g057-0002046;
650 0 4 _aEconomía.
_93956
700 1 _aReyes Marínez Javier,
_eeditor.
910 _ajck
_bjvq
_cjpc
_d2017068
910 _armch
_btqv
_cwelc
_d20180220
942 _2ddc
_cBOOK
949 _a330 M26
_wDEWEY
_c1
_i76194
_lCATALOGING
_mBUL
_p53.00
_r0
_sY
_tBOOK
_u2017-06-8
_xFCE
_PP04
_0COMPRA
_o.CIRCNOTE. El documento es de alto precio.
_o.STAFF. Colección Ciencias Empresariales
949 _a330 M22 2017
_wDEWEY
_c1
_iFJ10326
_lCCODEBUJ1
_mBUJ
_p48.50
_r0
_sY
_tBOOK
_u2018-02-20
_xFCE
_PP04
_0COMPRA
_o.STAFF. Colección General Juliaca
949 _a330 M22 2017
_wDEWEY
_c2
_iFJ10327
_lCCODEBUJ1
_mBUJ
_p48.50
_r0
_sY
_tBOOK
_u2018-02-20
_xFCE
_PP04
_0COMPRA
_o.STAFF. Colección General Juliaca
994 _aC0
_bPEPRU
596 _a1 3
999 _a330 M26
_wLC
_c20691
_i76194
_d20691
_e2018-5-2
_f2018-2-12
_g1
_kCHECKEDOUT
_lLOST
_mBUL
_n5
_p53.00
_q6
_rM
_sY
_tBOOK
_u2017-6-8
_xFCE
_PP04
_0COMPRA
_o.STAFF. Colección Ciencias Empresariales
999 _a330 M22 2017
_wDEWEY
_c1
_iFJ10326
_d2018-12-18
_f2022-1-18
_g1
_lCCODEBUJ1
_mBUJ
_p48.50
_q1
_r0
_sY
_tBOOK
_u2018-2-20
_xFCE
_PP04
_0COMPRA
_o.STAFF. Colección General Juliaca
999 _a330 M22 2017
_wDEWEY
_c2
_iFJ10327
_d2019-11-20
_e2018-9-3
_f2022-1-18
_g2
_lCCODEBUJ1
_mBUJ
_n1
_p48.50
_q4
_r0
_sY
_tBOOK
_u2018-2-20
_xFCE
_PP04
_0COMPRA
_o.STAFF. Colección General Juliaca
980 _81
_gALBERTO SANCHEZ Responsable de Automatización